000 00770cab a2200253 4500
001 ABS48877
008 090401t1993 xxu||||| |||| 00| 0 eng d
035 _a(Sirsi) u68947
041 _aeng
100 _aRichardson, G.
245 _aAsset shortcomings
260 _c1993
350 _a0
490 _aLocal Government Chronicle
_vCIPFA Supplement June 1993, 32-33(2)
520 _aResults of Connell Wilson`s research on progress by local authorities on the preparation of asset registers, which should be completed by 1 April 1994.
650 _aASSET REGISTERS
650 _aBEACON VALUATIONS
650 _aCIPFA
650 _aLOCAL AUTHORITIES
650 _aPROPERTY ASSETS
690 _aRATING AND VALUATION
942 _n0
948 _c04/03/1997
999 _c43291
_d43291